Sports Quiz

Random Sports or Basketball Quiz

2012-13 NBA MVP Vote-Getters Quiz Stats

 Plays Quiz not verified by Sporcle

Challenge
Share
Tweet
Embed
Score 0/16 Timer 03:00
3 Plays Today
Points (1st Place Votes) Player % Correct
1207 (121)LeBron James
99.9%
765Kevin Durant
97.4%
184Kobe Bryant
93.1%
475 (1)Carmelo Anthony
92.2%
289Chris Paul
88.2%
5Dwyane Wade
87.4%
9Russell Westbrook
85.6%
65Tim Duncan
82.9%
Points (1st Place Votes) Player % Correct
86Tony Parker
80.1%
3Stephen Curry
76.4%
33James Harden
76%
1Marc Gasol
70.7%
1Kevin Garnett
59%
1Joakim Noah
58.6%
1David Lee
43.7%
1Ty Lawson
35.6%

You're not logged in!

Compare scores with friends on all Sporcle quizzes.
Join for Free
OR
Log In

You Might Also Like...

Show Comments

Extras

Top Quizzes Today


Score Distribution

Your Account Isn't Verified!

In order to create a playlist on Sporcle, you need to verify the email address you used during registration. Go to your Sporcle Settings to finish the process.

Report this User

Report this user for behavior that violates our Community Guidelines.

Details: